[Event "op"]
[Site "Oberwart"]
[Date "1997.07.08"]
[Round "4"]
[White "Rogulj, Branko"]
[Black "Frosch, Ronald"]
[Result "1/2-1/2"]
[WhiteElo "2425"]
[BlackElo "1986"]
[PlyCount "112"]
[EventDate "1997.07.08"]

1. e4 e5 2. Nf3 Nc6 3. Bb5 a6 4. Ba4 Nf6 5. O-O Be7 6. Re1 b5 7. Bb3 d6 8. a4
Na5 9. axb5 Nxb3 10. cxb3 Bb7 11. bxa6 Rxa6 12. Ra4 Rxa4 13. bxa4 Nxe4 14. d4
O-O 15. Qc2 Ng5 16. Nxg5 Bxg5 17. dxe5 dxe5 18. Nc3 Bxc1 19. Qxc1 Qd4 20. Qe3
Qxe3 21. Rxe3 f6 22. Rd3 c5 23. Rd7 Rf7 24. Rd6 Kf8 25. a5 Ke8 26. a6 Bc8 27.
Nb5 Rd7 28. a7 {} 28... Bb7 29. f3 Ke7 30. Rb6 Ba8 31. b3 Rb7 32. Rxb7+ Bxb7
33. Kf2 Kd7 34. Ke3 Kc6 35. Nc3 Kb6 36. Na4+ Kxa7 37. Nxc5 Bd5 38. b4 Kb6 39.
Kd3 Kb5 40. Kc3 Bf7 41. Nb7 Bg6 42. Nd6+ Kc6 43. Nc4 Bf7 44. Ne3 Be6 45. g3 Kb5
46. f4 exf4 47. gxf4 g5 48. f5 Bc8 49. Nc2 h5 50. Ne3 Bd7 51. Kd4 Bc6 52. Nf1
h4 53. Ne3 Bf3 54. Nc2 Bd1 55. Ne3 Bf3 56. Nc2 Bd1 1/2-1/2

[Event "op"]
[Site "Oberwart"]
[Date "1997.07.08"]
[Round "4"]
[White "Deutsch, Ludwig"]
[Black "Karpatchev, Aleksandr"]
[Result "0-1"]
[WhiteElo "2210"]
[BlackElo "2390"]
[PlyCount "64"]
[EventDate "1997.07.08"]

1. c4 e5 2. Nc3 Nf6 3. Nf3 Nc6 4. e4 Bc5 5. Be2 d6 6. h3 a6 7. d3 h6 8. a3 Nd4
9. Be3 O-O 10. g4 Nh7 11. b4 Ba7 12. Rb1 c6 13. Qc1 b5 14. Nd1 bxc4 15. dxc4 d5
16. c5 Nxe2 17. Kxe2 dxe4 18. Ne1 a5 19. Kf1 f5 20. gxf5 Ba6+ 21. Kg2 Rxf5 22.
Nc3 Qh4 23. b5 cxb5 24. Nxb5 Raf8 25. Qd2 Bb7 26. Kg1 Bxc5 27. Rh2 Bxe3 28.
Qxe3 Ng5 29. Qb6 Rxf2 30. Ng2 Nf3+ 31. Kh1 Qg3 32. Qe6+ Kh8 {} 0-1

[Event "op"]
[Site "Oberwart"]
[Date "1997.07.08"]
[Round "4"]
[White "Hager, Herbert"]
[Black "Burmakin, Vladimir"]
[Result "0-1"]
[WhiteElo "2190"]
[BlackElo "2530"]
[PlyCount "70"]
[EventDate "1997.07.08"]

1. Nf3 d5 2. d4 c6 3. Bf4 Qb6 4. Qc1 Bf5 5. e3 e6 6. Be2 Nf6 7. h3 c5 8. Nbd2
Nc6 9. c3 Rc8 10. O-O cxd4 11. exd4 Be7 12. b3 Nb4 13. Qb2 Nc2 14. a4 Nxa1 15.
Bb5+ Kf8 16. Rxa1 a6 17. Be2 Ne4 18. Ne5 Qd8 19. c4 Nxd2 20. Bxd2 dxc4 21. bxc4
f6 22. Ng4 Qd7 23. Ne3 Be4 24. a5 Kf7 25. Re1 Rhd8 26. Bc3 Kg8 27. c5 Qc6 28.
Bc4 Kh8 29. Qb3 e5 30. dxe5 Qxc5 31. Qb2 fxe5 32. Bxe5 Bf8 33. Be6 Rc6 34. Ba2
Qxa5 35. Rb1 Bxb1 {} 0-1

[Event "op"]
[Site "Oberwart"]
[Date "1997.07.08"]
[Round "4"]
[White "Votava, Jan"]
[Black "Zoebisch, Herbert"]
[Result "1-0"]
[WhiteElo "2530"]
[BlackElo "2240"]
[PlyCount "51"]
[EventDate "1997.07.08"]

1. c4 c5 2. Nf3 Nf6 3. g3 e6 4. Bg2 Nc6 5. O-O Be7 6. d4 d5 7. cxd5 Nxd5 8. e4
Nb6 9. dxc5 Qxd1 10. Rxd1 Bxc5 11. Nc3 a6 12. e5 Nc4 13. Ne4 Be7 14. b3 N4xe5
15. Nxe5 Nxe5 16. Bb2 f6 17. Bxe5 fxe5 18. Nd6+ Bxd6 19. Rxd6 Ke7 20. Rad1 Ra7
21. Rb6 a5 22. Rc1 Rd8 23. Rc7+ Kf6 24. Bc6 Rd6 25. h4 h5 26. Be8 {} 1-0

[Event "op"]
[Site "Oberwart"]
[Date "1997.07.08"]
[Round "4"]
[White "Kiss, Attila"]
[Black "Ivancsics, Michael"]
[Result "1-0"]
[WhiteElo "2425"]
[BlackElo "2240"]
[PlyCount "121"]
[EventDate "1997.07.08"]

1. d4 g6 2. Nf3 Bg7 3. c4 d6 4. g3 e5 5. Nc3 Nc6 6. d5 Nce7 7. e4 h6 8. Bg2 f5
9. exf5 gxf5 10. Nh4 Nf6 11. f4 e4 12. O-O O-O 13. Be3 c6 14. Bh3 cxd5 15. cxd5
Qa5 16. Qb3 h5 17. Rfd1 Ng4 18. Bxg4 hxg4 19. Nb5 Rd8 20. Bd2 Qb6+ 21. Be3 Qa5
22. a4 Rd7 23. Rac1 a6 24. Nd4 Qxd5 25. Rc4 Qf7 26. Rdc1 b5 27. axb5 axb5 28.
Nxb5 Rb7 29. Ng6 Be6 30. Nxe7+ Qxe7 31. Qb4 Bxc4 32. Qxc4+ Kh7 33. b4 Rab8 34.
Nd4 Qf6 35. b5 Kg6 36. Qd5 Bf8 37. h3 gxh3 38. Kh2 Qf7 39. Qc6 Qa2+ 40. Rc2 Qf7
41. g4 fxg4 42. Qxe4+ Kg7 43. f5 Kg8 44. Ne6 Qh5 45. Ng5 g3+ 46. Kxg3 Rg7 47.
Qd5+ Kh8 48. f6 Rxg5+ 49. Qxg5 Qxg5+ 50. Bxg5 Rxb5 51. Kg4 Kg8 52. Kh5 d5 53.
Kg6 Rb7 54. Rh2 Rh7 {} 55. Rxh3 Rd7 56. Bf4 Rf7 {} 57. Rh8+ Kxh8 58. Kxf7 Bc5
59. Kg6 Bd4 60. f7 Bg7 61. Be5 1-0

[Event "op"]
[Site "Oberwart"]
[Date "1997.07.08"]
[Round "4"]
[White "Stanka, Wolfgang"]
[Black "Lendwai, Reinhard"]
[Result "1/2-1/2"]
[WhiteElo "2190"]
[BlackElo "2385"]
[PlyCount "71"]
[EventDate "1997.07.08"]

1. e4 d5 2. exd5 Qxd5 3. Nc3 Qa5 4. d4 Nf6 5. Nf3 Bg4 6. h3 Bh5 7. Be2 Nc6 8.
O-O O-O-O 9. Be3 Bxf3 10. Bxf3 e5 11. Bxc6 bxc6 12. Qf3 exd4 13. Rad1 Qc5 14.
Rxd4 Rxd4 15. Ne2 Qd5 16. Nxd4 c5 17. Nb3 Qxf3 18. gxf3 Nd7 19. Rd1 Bd6 20. Rd5
Nb6 21. Rg5 c4 22. Nd2 g6 23. Bxb6 axb6 24. Nxc4 Bc5 25. Rd5 Re8 26. Re5 Rd8
27. Re2 Rd1+ 28. Kg2 f6 29. c3 b5 30. Nd2 f5 31. Nb3 Bb6 32. Rd2 Rb1 33. f4 c6
34. Nd4 Bxd4 35. cxd4 Kc7 36. b3 {.} 1/2-1/2

[Event "op"]
[Site "Oberwart"]
[Date "1997.07.08"]
[Round "4"]
[White "Weiss, Christian"]
[Black "Medvegy, Zoltan"]
[Result "1-0"]
[WhiteElo "2315"]
[BlackElo "2295"]
[PlyCount "93"]
[EventDate "1997.07.08"]

1. d4 Nf6 2. c4 c5 3. Nf3 cxd4 4. Nxd4 e5 5. Nb5 d5 6. cxd5 Bc5 7. e3 O-O 8.
N5c3 e4 9. a3 a5 10. Nd2 Bf5 11. Nb3 Qe7 12. Nxc5 Qxc5 13. Qd4 Nbd7 14. h3 h6
15. Qxc5 Nxc5 16. Bd2 Rfd8 17. Bc4 Ncd7 18. O-O Ne5 19. Be2 Nxd5 20. Nxd5 Rxd5
21. Bc3 Nd3 22. Rfd1 b6 23. Rxd3 Rxd3 24. Bxd3 exd3 25. Rd1 Rd8 26. Bd4 Rd6 27.
f3 Bg6 28. Kf2 Rc6 29. Bc3 f6 30. g4 Rd6 31. Bd4 Kf7 32. Rc1 a4 33. Rc7+ Kg8
34. Rc8+ Kh7 35. Rc3 Rd5 36. Ke1 b5 37. Rc7 Kg8 38. Kd2 h5 39. Bc3 Kf8 40. e4
Rd8 41. g5 fxg5 42. Bxg7+ Ke8 43. Bf6 Rd6 44. Bxg5 Bf7 45. Re7+ Kf8 46. Re5 Rd7
47. Rxb5 {} 1-0

[Event "op"]
[Site "Oberwart"]
[Date "1997.07.08"]
[Round "4"]
[White "Sziebert, Adam"]
[Black "Titz, Heimo"]
[Result "1-0"]
[WhiteElo "2300"]
[BlackElo "2305"]
[PlyCount "63"]
[EventDate "1997.07.08"]

1. e4 c5 2. Nf3 Nc6 3. d4 cxd4 4. Nxd4 Nf6 5. Nc3 d6 6. Bg5 Bd7 7. Be2 Qa5 8.
Bxf6 gxf6 9. O-O Nxd4 10. Qxd4 Rc8 11. Nd5 Qc5 12. Qd3 Qxc2 13. Qe3 Qc5 14. Qb3
b5 15. a4 bxa4 16. Rxa4 Bxa4 17. Qxa4+ Kd8 18. b4 Qc2 19. Qxa7 Qxe2 20. Nb6 Qg4
21. Nxc8 Qxc8 22. b5 Rg8 23. g3 Rg5 24. Rb1 Qc2 25. Rb4 {} 25... Qc5 26. b6 e6
27. Qa8+ Kd7 28. Qb7+ Ke8 29. Ra4 Be7 30. Ra8+ Bd8 31. Qc7 Kf8 32. Rxd8+ 1-0

[Event "op"]
[Site "Oberwart"]
[Date "1997.07.08"]
[Round "4"]
[White "Olle, Peter"]
[Black "Kunz, Konstantin"]
[Result "1/2-1/2"]
[WhiteElo "2110"]
[BlackElo "2295"]
[PlyCount "61"]
[EventDate "1997.07.08"]

1. c4 b6 2. Nc3 e6 3. e4 Bb7 4. d4 Bb4 5. f3 f5 6. e5 Qh4+ 7. g3 Qe7 8. Be3 Nc6
9. Nh3 d6 10. exd6 cxd6 11. Bd3 Nf6 12. O-O Bxc3 13. bxc3 O-O 14. Qe2 e5 15. d5
e4 16. dxc6 exd3 17. Qxd3 Bxc6 18. Bf4 Qb7 19. Ng5 d5 20. Qxf5 dxc4 21. Qe6+
Kh8 22. Qxc4 Bd5 23. Qc7 Qa6 24. Be5 Qd3 25. Rf2 h6 26. Nh3 Rf7 27. Qd6 Ne8 28.
Qxh6+ Kg8 29. Qd2 Qxd2 30. Rxd2 Bxf3 31. Ng5 {.} 1/2-1/2

[Event "op"]
[Site "Oberwart"]
[Date "1997.07.08"]
[Round "4"]
[White "Wohlfahrt, Herbert"]
[Black "Schwaninger, Wolfgang"]
[Result "1-0"]
[WhiteElo "2275"]
[BlackElo "2060"]
[PlyCount "119"]
[EventDate "1997.07.08"]

1. d4 g6 2. c4 Bg7 3. Nf3 d6 4. Nc3 c6 5. g3 Bg4 6. Bg2 Nd7 7. O-O Nb6 8. b3 e6
9. Bb2 Ne7 10. e4 O-O 11. h3 Bxf3 12. Bxf3 f5 13. Ne2 fxe4 14. Bxe4 d5 15. cxd5
exd5 16. Bg2 Nf5 17. Qd3 Qf6 18. Rad1 Rae8 19. Bc1 g5 20. Kh2 h5 21. Bb2 Nc8
22. Ng1 Ncd6 23. Nf3 Nf7 24. Rde1 g4 25. Ne5 Nxe5 26. dxe5 Qg6 27. Re2 Re6 28.
f4 h4 29. gxh4 g3+ 30. Kg1 Nxh4 31. Qxg6 Rxg6 32. Ba3 Nf5 33. Bxf8 Bxf8 34. Rc1
Kf7 35. Bf3 Ba3 36. Rd1 Bc5+ 37. Kh1 Rh6 38. Bg4 Ne3 39. Rxe3 Bxe3 40. f5 Bf2
41. f6 Rh8 42. Rd3 Kg6 43. Rf3 Bd4 44. f7 Bc5 45. e6 Bd6 46. Kg2 Kg7 47. Re3
Kf6 48. Kf3 Ke7 49. Re1 Kf6 50. Rh1 Rh4 51. Kg2 Ke7 52. Rf1 Rh8 53. Rf5 Kf8 54.
Rg5 Be7 55. Rg6 Bd6 56. h4 Be5 57. h5 Bg7 58. Kxg3 Rh6 {} 59. e7+ Kxf7 60.
Rxg7+ 1-0

[Event "op"]
[Site "Oberwart"]
[Date "1997.07.08"]
[Round "4"]
[White "Petschar, Kurt"]
[Black "Schieder, Andreas"]
[Result "1-0"]
[WhiteElo "2270"]
[BlackElo "2125"]
[PlyCount "65"]
[EventDate "1997.07.08"]

1. e4 e5 2. Nf3 Qe7 3. Bc4 d6 4. O-O Nf6 5. Re1 Bg4 6. c3 c6 7. d4 h6 8. Nbd2
g5 9. Nf1 Nh5 10. Ne3 Bxf3 11. Qxf3 Nf4 12. g3 Ng6 13. Nf5 Qf6 14. Be3 Nd7 15.
a4 h5 16. a5 g4 17. Qd1 O-O-O 18. d5 c5 19. b4 Ne7 20. Qa4 Nxf5 21. a6 Ne7 22.
axb7+ Kc7 23. Qxa7 Rb8 24. bxc5 dxc5 25. Reb1 Nb6 26. Bxc5 Nexd5 27. Bxf8 Nf4
28. gxf4 Rhxf8 29. fxe5 Qc6 30. Bd5 Nxd5 31. exd5 Qxd5 32. Ra5 Qe4 33. Qb6+ {}
1-0

[Event "op"]
[Site "Oberwart"]
[Date "1997.07.08"]
[Round "4"]
[White "Holzer, Gerhard"]
[Black "Brandner, Stefan"]
[Result "1-0"]
[WhiteElo "2250"]
[BlackElo "2265"]
[PlyCount "99"]
[EventDate "1997.07.08"]

1. e4 e5 2. Nf3 Nc6 3. Bb5 a6 4. Bxc6 dxc6 5. O-O f6 6. d4 exd4 7. Nxd4 c5 8.
Nb3 Qxd1 9. Rxd1 g5 10. Nc3 h6 11. Nd5 Rh7 12. Bd2 Be6 13. Bc3 Rf7 14. Nd2
O-O-O 15. Ne3 Rfd7 16. b3 Bd6 17. Ndf1 c4 18. Ng3 b5 19. bxc4 b4 20. Bb2 Bxg3
21. hxg3 Rxd1+ 22. Rxd1 Rxd1+ 23. Nxd1 Bxc4 24. a3 c5 25. Ne3 Be6 26. f4 a5 27.
Kf2 Kb7 28. Ke1 Kc6 29. axb4 cxb4 30. f5 Ba2 31. Ng4 a4 32. Nxf6 a3 33. Ba1 Ne7
34. Ng4 Kc5 35. Nxh6 Nc6 36. f6 Nd4 37. Kd2 b3 {} 38. Bxd4+ Kxd4 39. cxb3 Bxb3
40. Kc1 Kxe4 41. f7 Bxf7 42. Nxf7 Kf5 43. Nh6+ Ke4 44. g4 Kf4 45. Kb1 Kg3 46.
Ka2 Kxg2 47. Kxa3 Kf3 48. Kb4 Ke4 49. Kc5 Ke5 50. Kc6 1-0

[Event "op"]
[Site "Oberwart"]
[Date "1997.07.08"]
[Round "4"]
[White "Pingitzer, Harald"]
[Black "Kamaryt, Thomas"]
[Result "1-0"]
[WhiteElo "2260"]
[BlackElo "2190"]
[PlyCount "59"]
[EventDate "1997.07.08"]

1. Nf3 d5 2. d4 c6 3. c4 e6 4. Nc3 f5 5. Bf4 Nf6 6. e3 Be7 7. Be2 O-O 8. O-O
Nbd7 9. Qc2 Ne4 10. Ne5 Nxe5 11. Bxe5 Bd6 12. Bxd6 Qxd6 13. f3 Nxc3 14. bxc3 b6
15. a4 c5 16. a5 Bd7 17. Rfb1 Rfc8 18. Qa2 Rcb8 {} 19. axb6 axb6 20. Qxa8 Rxa8
21. Rxa8+ Kf7 22. Ra6 Qc7 23. Raxb6 cxd4 24. cxd4 dxc4 25. Rb7 Qc6 26. Bxc4
Qxc4 27. Rxd7+ Kf6 28. Rbb7 g6 29. h4 g5 30. Rf7+ 1-0

[Event "op"]
[Site "Oberwart"]
[Date "1997.07.08"]
[Round "4"]
[White "Halser, Walter"]
[Black "Somogyi, Istvan"]
[Result "1-0"]
[WhiteElo "2100"]
[BlackElo "2255"]
[PlyCount "115"]
[EventDate "1997.07.08"]

1. e4 c5 2. Nf3 e6 3. c3 Nf6 4. e5 Nd5 5. d4 cxd4 6. cxd4 Nc6 7. Nc3 Nxc3 8.
bxc3 d6 9. exd6 Qxd6 10. Bd3 Be7 11. O-O O-O 12. Re1 b6 13. Ng5 h6 14. Ne4 Qd7
15. Bxh6 f5 16. Ng5 gxh6 17. Nxe6 Rf6 18. Qh5 {} 18... Qxe6 19. Rxe6 Bxe6 20.
Re1 Bf7 21. Qf3 Rd8 22. h3 Bd5 23. Qg3+ Kh8 24. Qf4 Rg8 25. g3 Bd6 26. Qh4 Rgf8
27. Bxf5 Be7 28. Qh5 Kg7 29. g4 Bf7 30. Qh4 Re6 31. Rxe6 Bxh4 32. Rxc6 Re8 33.
Rc7 Kf6 34. Kf1 Bxa2 35. c4 Re7 36. Rc6+ Kg5 37. d5 Kf4 38. d6 Re5 39. d7 Rc5
40. Rxh6 Bxc4+ 41. Ke1 Bg5 42. Rh8 Rd5 43. Rf8 Ke5 44. f4+ Bxf4 45. Re8+ Kd4
46. Re4+ Kc5 47. Rxf4 Bb5 48. g5 Bxd7 49. Bxd7 Rxd7 50. h4 Kd5 51. g6 Rg7 52.
h5 Ke5 53. Rf7 Rg8 54. Rxa7 Kf6 55. Kd2 Rh8 56. Rf7+ Kg5 57. Rh7 Rc8 58. g7 1-0

[Event "op"]
[Site "Oberwart"]
[Date "1997.07.08"]
[Round "4"]
[White "Nielsen, Max"]
[Black "Kneutgen, Alexander"]
[Result "1-0"]
[WhiteElo "2255"]
[BlackElo "1995"]
[PlyCount "53"]
[EventDate "1997.07.08"]

1. e4 e6 2. d4 d5 3. Nc3 Nc6 4. Nf3 Nf6 5. e5 Ne4 6. Bd3 Bb4 7. Bd2 Nxd2 8.
Qxd2 Na5 9. a3 Be7 10. O-O b6 11. Ne1 O-O 12. f4 c5 13. Nf3 Nc6 14. Kh1 Bb7 15.
Qe1 Qc8 16. dxc5 bxc5 17. Rd1 Rd8 18. Ng5 g6 19. Qh4 h5 20. f5 {} 20... Nxe5
21. fxg6 fxg6 22. Bxg6 Qd7 23. Bh7+ Kh8 24. Qxh5 Bxg5 25. Bf5+ Kg8 26. Qxg5+
Kh8 27. Qh6+ 1-0

[Event "op"]
[Site "Oberwart"]
[Date "1997.07.08"]
[Round "4"]
[White "Allacher, Erwin"]
[Black "Mittelberger, Peter"]
[Result "1-0"]
[WhiteElo "2098"]
[BlackElo "2245"]
[PlyCount "103"]
[EventDate "1997.07.08"]

1. d4 Nf6 2. c4 g6 3. Nc3 Bg7 4. e4 O-O 5. Be2 d6 6. Bg5 c6 7. h4 e5 8. d5 Qc7
9. h5 Na6 10. hxg6 fxg6 11. f3 Nc5 12. Be3 Ncd7 13. g4 c5 14. Nh3 Re8 15. Qd2
Nf8 16. O-O-O a6 17. Rdg1 Re7 18. Nf2 Qa5 19. Kb1 Rb8 20. Bh6 b5 21. Bxg7 Rxg7
22. Rh2 bxc4 23. Bxc4 N6d7 24. Nfd1 Nb6 25. Bf1 Bd7 26. g5 Bb5 27. Ne3 Bd7 28.
Rgg2 Rf7 29. Rf2 Qb4 30. Nc2 Qa5 31. Ne3 Bc8 32. Bh3 Na4 33. Ned1 Nxc3+ 34.
Nxc3 Bxh3 35. Rxh3 Nd7 36. Nd1 Qxd2 37. Rxd2 Rbf8 38. Rd3 Rb8 39. Ne3 Nb6 40.
Rb3 Rfb7 41. Rh2 Nc8 42. Ra3 Ra8 43. Ng4 Raa7 44. Rc3 a5 45. f4 exf4 46. Rf3
Nb6 47. Rxf4 Re7 48. Nh6+ Kg7 49. Rhf2 Re8 50. Rf7+ Rxf7 51. Rxf7+ Kh8 52. b3 {
} 1-0

[Event "op"]
[Site "Oberwart"]
[Date "1997.07.08"]
[Round "4"]
[White "Strauss, Anton"]
[Black "Laschet, Erwin"]
[Result "0-1"]
[WhiteElo "2240"]
[BlackElo "2005"]
[PlyCount "56"]
[EventDate "1997.07.08"]

1. e4 c6 2. d3 Nf6 3. Nf3 e5 4. g3 d6 5. Bg2 g6 6. O-O Bg7 7. b4 a5 8. bxa5
Rxa5 9. Nbd2 O-O 10. c4 c5 11. Nb3 Ra6 12. Ne1 Nc6 13. Nc2 Be6 14. Bg5 h6 15.
Bd2 Nd7 16. Ne3 f5 17. exf5 gxf5 18. Bd5 Bxd5 19. Nxd5 f4 20. Qg4 Nf6 21. Qe6+
Kh7 22. Kh1 Nxd5 23. cxd5 Ne7 24. gxf4 Nf5 25. Rg1 Rf6 26. Rxg7+ Kxg7 27. Rg1+
Kh7 28. Rg8 Qxg8 {} 0-1

[Event "op"]
[Site "Oberwart"]
[Date "1997.07.09"]
[Round "5"]
[White "Beim, Valeri"]
[Black "Stanec, Nikolaus"]
[Result "1/2-1/2"]
[WhiteElo "2555"]
[BlackElo "2460"]
[PlyCount "84"]
[EventDate "1997.07.09"]

1. Nf3 Nf6 2. b3 g6 3. Bb2 Bg7 4. g3 c5 5. c4 Nc6 6. Bg2 O-O 7. O-O d6 8. d4
Ne4 9. e3 Qa5 10. Qc1 cxd4 11. Nxd4 Nxd4 12. Bxd4 Nf6 13. Qd1 Rb8 14. Bc3 Qc5
15. Nd2 Bg4 16. Qc2 b5 17. Bxf6 Bxf6 18. Ne4 Qe5 19. Nxf6+ Qxf6 20. cxb5 Rfc8
21. Qd2 Rxb5 22. Rac1 Rxc1 23. Rxc1 a5 24. Bf1 Rh5 25. f4 Bf3 26. Rc8+ Kg7 27.
Qd4 Rd5 28. Qxf6+ Kxf6 29. Kf2 Bg4 30. Rc2 Rd1 31. Be2 Rh1 32. Kg2 Bf5 33. Kxh1

Bxc2 34. Kg1 Ke6 35. Kf2 f6 36. Bf3 Bb1 37. a3 Bc2 38. b4 axb4 39. axb4 d5 40.
Ke2 Kd6 41. Kd2 Ba4 42. Kc3 e5 {} 1/2-1/2

[Event "op"]
[Site "Oberwart"]
[Date "1997.07.09"]
[Round "5"]
[White "Zelcic, Robert"]
[Black "Vaulin, Alexander"]
[Result "1/2-1/2"]
[WhiteElo "2455"]
[BlackElo "2490"]
[PlyCount "82"]
[EventDate "1997.07.09"]

1. e4 c5 2. Nf3 d6 3. d4 cxd4 4. Nxd4 Nf6 5. Nc3 a6 6. Be2 e5 7. Nb3 Be7 8. O-O
O-O 9. Kh1 Nc6 10. f4 exf4 11. Bxf4 Be6 12. a4 d5 13. e5 Ne4 14. Bd3 f5 15.
exf6 Bxf6 16. Qe1 Bxc3 17. bxc3 Bf5 18. Nd4 Nxd4 19. cxd4 Qd7 20. a5 Bg6 21.
Qb4 Rf7 22. Kg1 Raf8 23. Be5 Rxf1+ 24. Rxf1 Rxf1+ 25. Bxf1 Qf5 26. Qe1 Qc8 27.
Qh4 Nd2 28. Be2 Qf8 29. h3 h6 30. Qe1 Nc4 31. Bxc4 dxc4 32. Qc3 Bf7 33. Qf3 Qe7
34. Qe4 Qd7 35. Kh2 Bd5 36. Qg6 Qf7 37. Qg3 Kh7 38. Kg1 Qg6 39. Qxg6+ Kxg6 40.
Kf1 Kf7 41. g3 g5 {.} 1/2-1/2

[Event "op"]
[Site "Oberwart"]
[Date "1997.07.09"]
[Round "5"]
[White "Agnos, Dimitri"]
[Black "Balinov, Ilia"]
[Result "0-1"]
[WhiteElo "2495"]
[BlackElo "2570"]
[PlyCount "50"]
[EventDate "1997.07.09"]

1. e4 c5 2. Nf3 Nc6 3. d4 cxd4 4. Nxd4 Nf6 5. Nc3 e5 6. Ndb5 d6 7. Bg5 a6 8.
Na3 b5 9. Bxf6 gxf6 10. Nd5 Bg7 11. c3 ({Haeufig gespielt wird auch} 11. Bd3
Ne7 12. Nxe7 Qxe7 13. c4 f5 14. O-O O-O {usw.}) 11... f5 12. exf5 Bxf5 13. Nc2
O-O 14. Nce3 Be6 15. g3 ({Unklar ist} 15. Bd3 f5 16. Qh5) 15... Ra7 $5 16. Bg2
f5 17. O-O ({Das scharfe} 17. f4 {fuehrt nach} 17... b4 18. O-O bxc3 19. bxc3 {
zu unklaren Verwicklungen mit Chancen fuer beide Seiten.}) 17... f4 $1 18. gxf4
$5 (18. Nc2 $5 {gibt Schwarz nach} 18... Raf7 {einige Initiative}) 18... exf4
19. Nxf4 Rxf4 20. Bxc6 Be5 $1 ({Zu} 20... Kh8 {hat Schwarz wegen} 21. Ng2 Rg4
22. Bd5 Bxd5 23. Qxd5 Be5 24. f4 {und Weiss hat Vorteil, keine Zeit.}) 21. Ng2
{} 21... Rh4 $6 {Attraktiv, jedoch nicht am besten. Geboten war} (21... Qf6 {
und nun scheitert zwar} 22. f3 $1 {
waere der Partieausgang alles andere als klar gewesen.
Zu versuchen war daher}
(22. Nxf4 $2 {an der Erwiderung} 22... Qxf4 23. Qh5 Bg4 24. Qh4 Rg7 25. Qd8+
Kf7 26. Qe8+ Kf6 27. Qd8+ Kg6 28. Qh4 ({Ebenso ungenuegend ist} 28. Be8+ Kh6
29. Qh4+ Bh5+) 28... Kf5 {doch nach})) (21... Rg7 22. Kh1 ({
Unzureichend fuer Weiss ist} 22. Bd5 Bxd5 23. Qxd5+ Kh8 24. Kh1 Rfg4 25. Rg1
Bxh2 26. Kxh2 Qh4+ 27. Nxh4 Rxh4#) 22... Rxg2 23. Bxg2 Qh4 24. Bd5 Kh8 25. Bxe6
Rf3 ({Unklar ist} 25... Rd4 26. f4 Rxd1 27. Raxd1 Bxf4 28. Bh3 Be5 29. Rd3 Qc4
30. Rdf3 Qxa2) 26. Kg2 Qxh2+ 27. Kxf3 Qf4+ 28. Kg2 ({Nicht aber} 28. Ke2 $4
Qe4+ 29. Kd2 Bf4#) 28... Qh2+ {mit wahrscheinlicher Punkteteilung.}) 22. Nxh4
$4 {Der Textzug verliert zwingend. Unbedingt erforderlich war} (22. f4 Qb6+ 23.
Rf2 (23. Kh1 {scheitert an} 23... Qxc6 24. fxe5 Bd5 25. Rf2 Rg7) 23... Bxf4 ({
und nun waere} 23... Rxf4 $2 {wegen} 24. Nxf4 Bxf4 25. Bd5 Bxh2+ 26. Kf1 $1 Rf7
27. Rxf7 Qg1+ 28. Ke2 Qxd1+ ({Ebenso verliert} 28... Bg4+ 29. Rf3+) 29. Rxd1
Kxf7 30. Bxe6+ Kxe6 31. Rh1 {und Weiss verbleibt ohne jede Kompensation fuer
die Minusqualitaet.  Schwarz spielt daher besser}) (23... Qxc6 $5 24. Nxh4 Rg7+
25. Rg2 Qc5+ 26. Kh1 Bxf4 ({Nicht aber} 26... Bd5 27. fxe5 {
und der schwarze Angriff ist siegreich abgewehrt.}) 27. Rxg7+ Kxg7 28. Qg1+ Kh6
29. Qxc5 dxc5 $14) (23... Rg7 24. Bd5 Bxf4 25. Bxe6+ Kh8 26. Qf3 {mit Gewinn.})
24. Nxh4 Be3 25. Qe1 $8 (25. Qe2 Bc4 26. Qc2 (26. Qe1 Re7 27. Bf3 Bg5 {
und Schwarz gewinnt}) 26... Qxc6) 25... Rg7+ (25... Re7 26. Bg2 {mit Gewinn}) (
25... Rf7 26. Bf3 $1 {das Einzige} 26... Bd5 27. Kh1 Bxf2 28. Qe8+ Kg7 29. Bxd5
{mit Gewinn}) 26. Bg2 Bh3 27. Kh1 Bxf2 28. Qe8#) 22... Bxh2+ $1 23. Kxh2 ({
Ebenso verliert} 23. Kg2 Qg5+ 24. Kxh2 Qxh4+) 23... Qxh4+ 24. Kg1 Rg7+ 25. Bg2
Qh3 {und Weiss streckte die Waffen.} 0-1

[Event "op"]
[Site "Oberwart"]
[Date "1997.07.09"]
[Round "5"]
[White "Zsinka, Laszlo"]
[Black "Loginov, Valery"]
[Result "1-0"]
[WhiteElo "2360"]
[BlackElo "2555"]
[PlyCount "85"]
[EventDate "1997.07.09"]

1. d4 Nf6 2. c4 e6 3. Nc3 Bb4 4. e3 O-O 5. Bd3 d5 6. Nf3 c5 7. O-O Nc6 8. a3
Bxc3 9. bxc3 Qc7 10. cxd5 exd5 11. a4 Re8 12. Ba3 c4 13. Bc2 Bg4 14. Qe1 Bh5
15. Nh4 Ng4 16. g3 Bg6 17. Nxg6 hxg6 18. Qd2 f5 19. Rae1 Re6 20. f3 Nf6 21. e4
fxe4 22. fxe4 dxe4 23. d5 Rd8 24. d6 Qb6+ 25. Kh1 e3 26. Qe2 Ne5 27. Qxe3 Qc6+
28. Be4 Qxa4 {} 29. Rxf6 Rxf6 30. Bd5+ Kh7 31. Qg5 Rf5 32. Qxd8 Nf7 33. Bxf7
Rxf7 34. Qh4+ Kg8 35. Qd8+ Kh7 36. d7 Qxd7 37. Qh4+ Kg8 38. Qxc4 b5 39. Qd4
Qc6+ 40. Kg1 Qf3 41. Re8+ Kh7 42. Qh4+ Qh5 43. Qd8 1-0

[Event "op"]
[Site "Oberwart"]
[Date "1997.07.09"]
[Round "5"]
[White "Karpatchev, Alexandr"]
[Black "Kobalija, Mihail"]
[Result "1/2-1/2"]
[WhiteElo "2390"]
[BlackElo "2545"]
[PlyCount "32"]
[EventDate "1997.07.09"]

1. e4 c5 2. c3 Nf6 3. e5 Nd5 4. Nf3 Nc6 5. d4 cxd4 6. cxd4 d6 7. Bc4 Nb6 8. Bb5
dxe5 9. Nxe5 Bd7 10. Nc3 Nxe5 11. dxe5 Bxb5 12. Nxb5 Qxd1+ 13. Kxd1 Nd5 14. Ke2
a6 15. Rd1 O-O-O 16. Nd4 e6 {.} 1/2-1/2

[Event "op"]
[Site "Oberwart"]
[Date "1997.07.09"]
[Round "5"]
[White "Burmakin, Vladimir"]
[Black "Holzer, Gerhard"]
[Result "1-0"]
[WhiteElo "2530"]
[BlackElo "2250"]
[PlyCount "127"]
[EventDate "1997.07.09"]

1. d4 d6 2. e4 Nf6 3. Nc3 g6 4. h3 Bg7 5. Be3 c6 6. Nf3 b5 7. e5 dxe5 8. dxe5
Qxd1+ 9. Rxd1 Nfd7 10. Bd4 f6 11. exf6 exf6 12. Ne4 O-O 13. Nd6 Ne5 14. Nxe5
fxe5 15. Be3 Be6 16. c4 a6 17. Be2 Nd7 18. Bf3 {} 18... e4 19. Bxe4 bxc4 20.
Bxc6 Rab8 21. Bxd7 Bxd7 22. Nxc4 Be6 23. Nb6 Bxa2 24. Nd7 Bb3 25. Rb1 Bc2 26.
Rc1 Rxb2 27. Nxf8 Kxf8 28. O-O a5 29. Rfe1 Ra2 30. Re2 Bb3 31. Rc8+ Kf7 32.
Rc7+ Kg8 33. Rxa2 Bxa2 34. Ra7 Bb3 35. Rxa5 Bc2 36. Ra8+ Kf7 37. Ra7+ Kg8 38.
Rd7 Bf5 39. Rd8+ Kf7 40. Ra8 Bd3 41. Ra7+ Kg8 42. Ra4 Bc2 43. Rb4 Bf8 44. Rb8
Kf7 45. Rb7+ Kg8 46. Bd4 Be4 47. Ra7 Bd3 48. f4 Be4 49. Kf2 Bd5 50. g4 Be4 51.
Kg3 Bd3 52. Be5 Be4 53. Rc7 Bb1 54. Kf2 Bd3 55. Rc3 Bb1 56. Ke3 Kf7 57. Rc7+
Kg8 58. Kd4 Ba2 59. Ra7 Be6 60. Ke4 Bb3 61. f5 Bc2+ 62. Kf4 gxf5 63. Kg5 Bc5
64. Rc7 {} 1-0

[Event "op"]
[Site "Oberwart"]
[Date "1997.07.09"]
[Round "5"]
[White "Fuchs, Georg"]
[Black "Votava, Jan"]
[Result "0-1"]
[WhiteElo "2180"]
[BlackElo "2530"]
[PlyCount "116"]
[EventDate "1997.07.09"]

1. e4 c5 2. Nf3 e6 3. d4 cxd4 4. Nxd4 a6 5. Nc3 Qc7 6. Be3 Nf6 7. f3 Nc6 8. Qd2
Ne5 9. Be2 Nc4 10. Bxc4 Qxc4 11. e5 Nd5 12. Nxd5 Qxd5 13. f4 b5 14. O-O Bb7 15.
Rad1 Bc5 16. Qe2 Qe4 17. Rd2 Rc8 18. c3 Bd5 19. b3 O-O 20. Nc2 f6 21. Bd4 Bxd4+
22. cxd4 fxe5 23. fxe5 Rxf1+ 24. Kxf1 Qf4+ 25. Kg1 Rc3 26. Qf2 Qg5 27. h4 Qg6
28. Ne3 Be4 29. Qf4 h5 30. Rf2 Kh7 31. Rd2 b4 32. Kh2 a5 33. Kg1 Bb1 34. Kh2
Qh6 35. Qxh6+ Kxh6 36. Nc4 a4 37. Nb6 a3 38. d5 Be4 39. d6 Bc6 40. Nc4 Kg6 41.
Rf2 Bb5 42. Nb6 Rc5 43. Rf4 Rxe5 44. Rxb4 Bc6 45. Nc8 Rc5 46. Rf4 Kh7 47. Ne7
Bb5 48. Rf2 Rc3 49. Rd2 g6 50. g4 {} 50... hxg4 51. Rd4 Rc2+ 52. Kg3 Rxa2 53.
Rf4 Kg7 54. h5 gxh5 55. Kh4 Rh2+ 56. Kg5 a2 57. Rf6 a1=Q 58. Rg6+ Kf7 0-1